Celoživotné vzdelávanie ako nástroj zvyšovania kvality života spoločnosti so zameraním na podporu využívania obnoviteľných zdrojov energií
Celoživotné vzdelávanie ako jeden z ukazovateľov kvality života. Súčasný stav celoživotného vzdelávania na Slovensku a úloha vysokých škôl. Celoživotné vzdelávanie so zameraním na podporu a využívanie obnoviteľných zdrojov energie a zvyšovanie kvality života spoločnosti prostredníctvom ich využitia.
Enregistré dans:
| Auteur principal: | |
|---|---|
| Autres auteurs: | |
| Format: | Chapitre de livre |
| Langue: | slovaque |
| Sujets: | |
| Tags: |
Pas de tags, Soyez le premier à ajouter un tag!
|
MARC
| LEADER | 00000nla$a2200000$$$4500 | ||
|---|---|---|---|
| 001 | 0120753 | ||
| 005 | 20240502072351.3 | ||
| 041 | 0 | |a slo | |
| 044 | |a SK | ||
| 245 | 1 | 0 | |a Celoživotné vzdelávanie ako nástroj zvyšovania kvality života spoločnosti so zameraním na podporu využívania obnoviteľných zdrojov energií |c Lenka Pčolinská, Jana Naščáková |
| 520 | |a Celoživotné vzdelávanie ako jeden z ukazovateľov kvality života. Súčasný stav celoživotného vzdelávania na Slovensku a úloha vysokých škôl. Celoživotné vzdelávanie so zameraním na podporu a využívanie obnoviteľných zdrojov energie a zvyšovanie kvality života spoločnosti prostredníctvom ich využitia. | ||
| 610 | 2 | 0 | |a vzdelávanie celoživotné |
| 610 | 2 | 0 | |a vzdelávanie vysokoškolské |
| 610 | 2 | 0 | |a kvalita života |
| 610 | 2 | 0 | |a zdroje energie obnoviteľné |
| 100 | 1 | |a Pčolinská, Lenka | |
| 700 | 1 | |a Naščáková, Jana | |